Principles of engineering manufacture / (Record no. 69237)

000 -LEADER
fixed length control field 01078pam a2200289 a 4500
001 - CONTROL NUMBER
control field 3033456
003 - CONTROL NUMBER IDENTIFIER
control field NUST - PNEC
005 - DATE AND TIME OF LATEST TRANSACTION
control field 20170116181114.0
008 - FIXED-LENGTH DATA ELEMENTS--GENERAL INFORMATION
fixed length control field 950607s1996 enka b 001 0 eng
010 ## - LIBRARY OF CONGRESS CONTROL NUMBER
LC control number 95021367
020 ## - INTERNATIONAL STANDARD BOOK NUMBER
International Standard Book Number 0470235586 (pbk.)
020 ## - INTERNATIONAL STANDARD BOOK NUMBER
International Standard Book Number 0470235586 (in the Americas)
040 ## - CATALOGING SOURCE
Original cataloging agency DLC
Transcribing agency LIBRARY
Modifying agency DLC
050 00 - LIBRARY OF CONGRESS CALL NUMBER
Classification number TS176
Item number .P717 1996
082 00 - DEWEY DECIMAL CLASSIFICATION NUMBER
Classification number 670.42 BLA
Edition number 20
245 00 - TITLE STATEMENT
Title Principles of engineering manufacture /
Statement of responsibility, etc. Stewart C. Black ... [et al.].
250 ## - EDITION STATEMENT
Edition statement 3rd ed.
260 ## - PUBLICATION, DISTRIBUTION, ETC.
Place of publication, distribution, etc. London :
Name of publisher, distributor, etc. Arnold ;
Place of publication, distribution, etc. New York :
Name of publisher, distributor, etc. Halsted Press,
Date of publication, distribution, etc. 1996.
300 ## - PHYSICAL DESCRIPTION
Extent xiv, 637 p. :
Other physical details ill. ;
Dimensions 25 cm.
504 ## - BIBLIOGRAPHY, ETC. NOTE
Bibliography, etc. note Includes bibliographical references (p. [617]-619) and index.
650 ## - SUBJECT ADDED ENTRY--TOPICAL TERM
Topical term or geographic name entry element Maechanical engineering
9 (RLIN) 13080
General subdivision ME
700 1# - ADDED ENTRY--PERSONAL NAME
Personal name Black, Stewart C.,
Dates associated with a name 1930-
856 41 - ELECTRONIC LOCATION AND ACCESS
Materials specified Table of contents only
Uniform Resource Identifier <a href="http://www.loc.gov/catdir/toc/fy0714/95021367.html">http://www.loc.gov/catdir/toc/fy0714/95021367.html</a>
906 ## - LOCAL DATA ELEMENT F, LDF (RLIN)
a 7
b cbc
c orignew
d 1
e ocip
f 19
g y-gencatlg
942 ## - ADDED ENTRY ELEMENTS (KOHA)
Source of classification or shelving scheme
Koha item type Book
Holdings
Withdrawn status Lost status Source of classification or shelving scheme Damaged status Not for loan Permanent Location Current Location Shelving location Date acquired Total Checkouts Full call number Barcode Date last seen Price effective from Koha item type
          Pakistan Navy Engineering College (PNEC) Pakistan Navy Engineering College (PNEC)       670.42 BLA PNECLIB-026117 10/04/2015   Book
© 2023 Central Library, National University of Sciences and Technology. All Rights Reserved.